• 首页
  • 本馆介绍
  • 公告通知
  • 最新文献
  • 馆藏检索
  • 电子资源
  • 读者导购
  • 参考咨询
  • 我的图书馆
  • 登录
  • 详细信息显示
  • 放入我的书架
  • 预约/预借图书
  • 作者相关作品
  • 分类相关作品
  • 丛书相关作品
  • 出版社相关作品

书目信息

  • 表格格式
  • 工作单格式
  • 卡片格式
题名:
国资纵横
    
 
作者: ;国资委直属机关党委 , 国资委青年理论学习研究会 编
分册:  
出版信息: 北京   化学工业出版社  2019.02
页数: 208页
开本: 26cm
丛书名:
单 册:
中图分类: F123.7
科图分类:
主题词: 国有资产管理--guo you zi chan guan li--研究--中国
电子资源:
ISBN: 978-7-122-33244-8
000 01206nam0 2200265 450
001 CAL 009490980
005 20230217093111.0
010    @a978-7-122-33244-8@dCNY56.00
100    @a20190513d2019 em y0chiy0120 ea
101 0  @achi
102    @aCN@b110000
105    @aak a 000yy
106    @ar
200 1  @a国资纵横@Aguo zi zong heng@e国资委直属机关2016年度优秀论文 (调研报告) 汇编@f国资委直属机关党委, 国资委青年理论学习研究会编
210    @a北京@c化学工业出版社@d2019.02
215    @a208页@c图@d26cm
320    @a有书目
330    @a本书收录《关于新提任国有企业领导干部有关事项公开制度试点的思考》《国有企业改革中应用双层股权结构的思考》《公司章程的地位和作用》《基于微博传播模式的中央企业危机事件议程设置研究》等文章。
517 1  @a国资委直属机关2016年度优秀论文 (调研报告) 汇编@Aguo zi wei zhi shu ji guan 2016 nian du you xiu lun wen ( diao yan bao gao ) hui bian
606 0  @a国有资产管理@Aguo you zi chan guan li@x研究@y中国
690    @aF123.7@v5
711 02 @a国资委直属机关党委@Aguo zi wei zhi shu ji guan dang wei@4编
711 02 @a国资委青年理论学习研究会@Aguo zi wei qing nian li lun xue xi yan jiu hui@4编
801  0 @aCN@bBJXHZP@c20230228
905    @b1395494-7@dF123.7@e309@f4
    
    国资纵横:国资委直属机关2016年度优秀论文 (调研报告) 汇编/国资委直属机关党委, 国资委青年理论学习研究会编.-北京:化学工业出版社,2019.02
    208页:图;26cm
    
    
    ISBN 978-7-122-33244-8:CNY56.00
    本书收录《关于新提任国有企业领导干部有关事项公开制度试点的思考》《国有企业改革中应用双层股权结构的思考》《公司章程的地位和作用》《基于微博传播模式的中央企业危机事件议程设置研究》等文章。
●
相关链接 在E读中查询图书 在五车中查询图书 在当当中查询图书 在豆瓣中查询图书


正题名:国资纵横     索取号:F123.7/309         预约/预借

序号 登录号 条形码 馆藏地/架位号 状态 备注
1 1395494   213954942   第一样本阅览室/ [索取号:F123.7/309] 在馆    
2 1395495   213954951   第一借阅区/ [索取号:F123.7/309] 在馆    
3 1395496   213954960   第一借阅区/ [索取号:F123.7/309] 在馆    
4 1395497   213954979   第一借阅区/ [索取号:F123.7/309] 在馆    
唐山师范学院图书馆 欢迎您!
大连网信软件有限公司© 版权所有